Painters by Self-Portrait - Statistics

General Stats
  • This quiz has been taken 2,014 times
  • The average score is 7 of 16
Answer Stats
Picture Answer % Correct
Vincent van Gogh
96%
Leonardo da Vinci
92%
Frida Kahlo
90%
Rembrandt
87%
Claude Monet
63%
Raphael
54%
Paul Gauguin
45%
Diego Velázquez
35%
Francisco de Goya
31%
Peter Paul Rubens
30%
Pierre-Auguste Renoir
29%
Albrecht Dürer
28%
Paul Cézanne
26%
Titian
16%
Gustave Courbet
12%
Henri Rousseau
6%
No matching quizzes found
Score Distribution
Percent of People with Each Score
Percentile by Number Answered
Your Score History
You have not taken this quiz